000 00573nam a2200229Ia 4500
003 OSt
005 20230518162955.0
008 210423s2013 xx 000 0 und d
020 _a978-81-8487-196-8
040 _cAL
041 _aeng
082 _a576 SHAM
_223
100 _aSHARMA (Dushyant Kumar)
_9109018
245 _aMicrobiology
260 _aNew Delhi
_bNarosa Publishing House
_c2013
300 _axvi,25.32,i.20
_bPB
365 _b395
_cINR
650 _aBiology
_9109019
650 _aMicrobiology
_9109020
906 _aMicrobiology
942 _2ddc
_cBK
999 _c165188
_d165188